000
00340nam a2200133Ia 4500
008
231129s9999||||xx |||||||||||||| ||spa||
020
_a
84-329-8337-3
040
_b
spa
082
_a
745.51 C984m
100
_a
Cusa Ramos Juan de
245
0
_a
Marqueteria facil
264
_a
Ceac
942
_2
ddc
_c
BKS
999
_c
20690
_d
20690